00437 2200169 4500001002100000005001500021035002000036245004600056100001900102250001700121300003200138260003500170082000800205084001400213020002200227650001800249INLIS00000000000092420250317105238 a0010-03250000201 aPenunggu Hutan Embacang /cD.H. Sukmadewi0 aD.H. Sukmadewi acetakan ke-1 aiv, 60 hlm :bilus ;c29 cm aJakarta :bGaneca Exact,c2006 a813 a813 D.H p a978-979-744-442-2 4aCerita Pendek